[Event "9098 - Open de la Loire "]
[Site "Loire"]
[Date "2007.03.10"]
[Round "6.1"]
[White "Pendrigh, Robin"]
[Black "Muller, Anthony"]
[Result "0-1"]
[WhiteElo "1680"]
[BlackElo "1199"]
[PlyCount "90"]
[EventDate "2007.??.??"]

1. e4 e5 2. Nf3 Nc6 3. Bb5 a6 4. Ba4 b5 5. Bb3 h6 6. O-O Bc5 7. c3 d6 8. h3 Nf6
9. Bc2 O-O 10. d4 Bb6 11. d5 Ne7 12. a4 Bb7 13. Qe2 Qd7 14. Be3 Bxe3 15. Qxe3
c6 16. axb5 axb5 17. Rxa8 Rxa8 18. dxc6 Nxc6 19. Rd1 Ra2 20. Qc1 Qe6 21. Na3 b4
22. Nb5 Ne8 23. Nd2 Ra5 24. c4 Ba6 25. Nb3 Ra4 26. Nxd6 Qe7 27. Nxe8 Qxe8 28.
Nc5 Ra5 29. Nxa6 Rxa6 30. Qd2 Nd4 31. Bd3 Rb6 32. Qe3 Qa4 33. Rb1 Rd6 34. Qg3
Rg6 35. Qe3 Qd7 36. Ra1 Ne6 37. Ra8+ Kh7 38. Bc2 Nf4 39. g4 h5 40. Kf1 hxg4 41.
hxg4 Qxg4 42. f3 Qh3+ 43. Kf2 Rg2+ 44. Kf1 Qh1+ 45. Qg1 Qxg1# 0-1

[Event "9098 - Open de la Loire "]
[Site "Loire"]
[Date "2007.03.10"]
[Round "6.3"]
[White "Minchilli, Franco"]
[Black "Movsisian, Arthur"]
[Result "1-0"]
[WhiteElo "1770"]
[BlackElo "1499"]
[PlyCount "93"]
[EventDate "2007.??.??"]

1. d4 d6 2. c4 Nd7 3. Nc3 Ngf6 4. Nf3 c6 5. e4 Qc7 6. Bd3 e5 7. O-O Be7 8. h3
O-O 9. Bg5 h6 10. Bh4 Re8 11. Ne2 Nf8 12. Rc1 Ng6 13. Bg3 Nh5 14. Bh2 Bf6 15.
g4 Nhf4 16. Nxf4 exf4 17. Re1 Nh4 18. Bxf4 Nxf3+ 19. Qxf3 Bxd4 20. Re2 Be6 21.
b3 a5 22. Qg3 Rad8 23. c5 Be5 24. cxd6 Qxd6 25. Bxe5 Qxd3 26. Qxd3 Rxd3 27. Bg3
Red8 28. Kh2 a4 29. bxa4 Bxa2 30. Rxa2 f6 31. a5 Rd2 32. Rca1 R8d4 33. e5 Rxa2
34. Rxa2 fxe5 35. Bxe5 Rd5 36. Bc7 Rd7 37. Bb6 Rd5 38. a6 bxa6 39. Rxa6 Rd3 40.
Bc5 Rc3 41. Rxc6 Kf7 42. Rc7+ Ke6 43. Bb6 Rb3 44. Bd4 g6 45. Be3 h5 46. gxh5
gxh5 47. Rc5 1-0

[Event "9098 - Open de la Loire "]
[Site "Loire"]
[Date "2007.03.10"]
[Round "6.4"]
[White "Gidon, Rene"]
[Black "Moleins, Adrien"]
[Result "1-0"]
[WhiteElo "1600"]
[BlackElo "1720"]
[PlyCount "89"]
[EventDate "2007.??.??"]

1. e4 e5 2. Nf3 Nc6 3. Bb5 Nge7 4. O-O d6 5. c3 Bd7 6. d4 a6 7. Ba4 g6 8. Bb3
Bg7 9. Be3 O-O 10. Qd2 Na5 11. Bh6 Nxb3 12. axb3 f5 13. exf5 Bxh6 14. Qxh6 Nxf5
15. Qd2 e4 16. Ne1 Qe7 17. Nc2 Nh4 18. Kh1 d5 19. Qe3 Qd6 20. Nd2 Bg4 21. Rae1
Nf5 22. Qg5 Bh5 23. Ne3 Qe6 24. Nxf5 Rxf5 25. Qg4 Raf8 26. Kg1 Rf4 27. Qg3 R8f5
28. Qh3 Qf6 29. Qe3 Rf3 30. Nxf3 Rxf3 31. gxf3 Bxf3 32. Qh6 Qf5 33. Qh4 h5 34.
Re3 Kh7 35. Rxf3 exf3 36. Kh1 Kh6 37. Rg1 g5 38. Qg3 h4 39. Qxc7 g4 40. Qd6+
Kh5 41. Qe5 Qxe5 42. dxe5 Kg5 43. e6 Kf4 44. e7 g3 45. hxg3+ 1-0

[Event "9098 - Open de la Loire "]
[Site "Loire"]
[Date "2007.03.10"]
[Round "6.5"]
[White "Pommier, Laurent"]
[Black "Kotur, Sava"]
[Result "1/2-1/2"]
[WhiteElo "1860"]
[BlackElo "1550"]
[PlyCount "44"]
[EventDate "2007.??.??"]

1. e4 d5 2. exd5 Qxd5 3. Nc3 Qa5 4. Bb5+ c6 5. Be2 e6 6. Nf3 Nf6 7. O-O Qd8 8.
d4 Be7 9. Bg5 Nbd7 10. Bd3 Nd5 11. Bxe7 Nxe7 12. Ne4 Nb6 13. c3 Nbd5 14. Ne5
O-O 15. Ng3 Nf4 16. Bc2 Nfg6 17. Nxg6 Nxg6 18. Bxg6 fxg6 19. Qd2 b6 20. Ne4 Qd5
21. Qe3 Bb7 22. c4 Qd7 1/2-1/2

[Event "9098 - Open de la Loire "]
[Site "Loire"]
[Date "2007.03.10"]
[Round "6.6"]
[White "Moleins, Jean-Pierre"]
[Black "Perez, Christian"]
[Result "1/2-1/2"]
[WhiteElo "1750"]
[BlackElo "1480"]
[PlyCount "36"]
[EventDate "2007.??.??"]

1. e4 e6 2. d4 d5 3. e5 c5 4. c3 Nc6 5. Bb5 Qb6 6. Nf3 Qxb5 7. Na3 Qb6 8. O-O
cxd4 9. cxd4 Nge7 10. Ng5 Nf5 11. Qa4 Bd7 12. Nb5 Ncxd4 13. Be3 Bxb5 14. Qd1
Nxe3 15. fxe3 Bxf1 16. Qxf1 Nc2 17. Qxf7+ Kd8 18. Nxe6+ Qxe6 1/2-1/2

[Event "9098 - Open de la Loire "]
[Site "Loire"]
[Date "2007.03.10"]
[Round "6.7"]
[White "Carrot, Axel"]
[Black "Doucet, Medhi"]
[Result "0-1"]
[WhiteElo "1530"]
[BlackElo "1630"]
[PlyCount "54"]
[EventDate "2007.??.??"]

1. e4 e5 2. Nf3 Nc6 3. d4 exd4 4. Nxd4 Nf6 5. Nxc6 bxc6 6. Nc3 Bb4 7. Bd2 O-O
8. Bd3 Re8 9. Qf3 d5 10. Qg3 dxe4 11. Be2 e3 12. fxe3 Qd6 13. Qxd6 cxd6 14. Bf3
d5 15. Kf2 Ng4+ 16. Bxg4 Bxg4 17. Rac1 Re6 18. a3 Bc5 19. Rhe1 Rae8 20. Re2 d4
21. exd4 Bxd4+ 22. Kf1 Rxe2 23. Nxe2 Bxb2 24. Rb1 Bxa3 25. Ra1 Bc5 26. Ra2 Be6
27. Ra6 Bc4 0-1

[Event "9098 - Open de la Loire "]
[Site "Loire"]
[Date "2007.03.10"]
[Round "6.8"]
[White "Paratcha, Yohan"]
[Black "Gregoire, Patrick"]
[Result "0-1"]
[WhiteElo "1320"]
[BlackElo "1580"]
[PlyCount "74"]
[EventDate "2007.??.??"]

1. e4 e6 2. d4 d5 3. e5 c5 4. Nf3 Qb6 5. Nc3 Bd7 6. b3 cxd4 7. Nxd4 Bc5 8. Be3
Nc6 9. Ncb5 Nxe5 10. Qd2 a6 11. Nc3 Ng4 12. Rd1 N8f6 13. Na4 Bxa4 14. bxa4 Bb4
15. c3 Ne4 16. Qc2 Bxc3+ 17. Ke2 O-O 18. f3 Nxe3 19. Kxe3 Bxd4+ 20. Rxd4 Rac8
21. Qb2 Qxb2 22. fxe4 Rc3+ 23. Bd3 Qxg2 24. Rb1 Qg5+ 25. Kf2 e5 26. Rxd5 Qf4+
27. Ke2 Qxh2+ 28. Ke3 Qg3+ 29. Ke2 f5 30. exf5 Qg2+ 31. Ke3 Qxd5 32. Rxb7 Qxb7
33. Ke2 Qb6 34. f6 Rxf6 35. Bxh7+ Kxh7 36. Kd2 Qb2+ 37. Kd1 Rc1# 0-1

[Event "9098 - Open de la Loire "]
[Site "Loire"]
[Date "2007.03.10"]
[Round "6.9"]
[White "Volay, Pascal"]
[Black "Trottet, Francois"]
[Result "1/2-1/2"]
[WhiteElo "1390"]
[BlackElo "1510"]
[PlyCount "85"]
[EventDate "2007.??.??"]

1. e4 c5 2. Nf3 e6 3. d4 cxd4 4. Nxd4 a6 5. Be2 g6 6. O-O Bg7 7. c3 d6 8. Be3
Nf6 9. Nd2 Nc6 10. Rb1 O-O 11. f3 d5 12. Qc2 e5 13. Nxc6 bxc6 14. Bd3 Qd6 15.
b4 d4 16. Bf2 Nh5 17. Nc4 Qe6 18. Nb6 Rb8 19. Nxc8 Qxc8 20. cxd4 exd4 21. Qd2
Be5 22. g3 Ra8 23. Rbc1 Qd7 24. Rc4 Qd6 25. f4 Bh8 26. e5 Qd7 27. Be2 Rfd8 28.
Rxd4 Qe7 29. Bxh5 Rxd4 30. Bxd4 gxh5 31. Rd1 Rd8 32. a3 Rd5 33. Qc3 Qc7 34. Kf2
Qc8 35. Ke3 f6 36. Rd2 Qe6 37. Kf2 fxe5 38. Bxe5 Rxd2+ 39. Qxd2 Bxe5 40. fxe5
Qxe5 41. Qe3 Qf6+ 42. Kg2 Kg7 43. h4 1/2-1/2

[Event "9098 - Open de la Loire "]
[Site "Loire"]
[Date "2007.03.10"]
[Round "6.11"]
[White "Brachet, Gerard"]
[Black "Daillere, Roland"]
[Result "1-0"]
[WhiteElo "1380"]
[BlackElo "1499"]
[PlyCount "99"]
[EventDate "2007.??.??"]

1. e4 e5 2. Nf3 Nc6 3. Bc4 Nf6 4. d3 d5 5. exd5 Nxd5 6. a3 Bg4 7. c3 Bd6 8.
Bxd5 Ne7 9. Bxb7 Rb8 10. Ba6 O-O 11. b4 c6 12. Bc4 h6 13. h3 Bh5 14. g4 Bg6 15.
h4 h5 16. g5 Nd5 17. Bb2 Re8 18. O-O Qd7 19. Nh2 Qh3 20. Qf3 Nf4 21. Qxh3 Nxh3+
22. Kg2 Bf5 23. f3 Nf4+ 24. Kh1 Nxd3 25. Bxd3 Bxd3 26. Rd1 e4 27. Nd2 exf3 28.
Ndxf3 Re3 29. Nd4 Be4+ 30. Kg1 Rg3+ 31. Kf2 Rg2+ 32. Ke3 Re8 33. Nhf3 Bf5+ 34.
Ne5 Rxe5+ 35. Kf3 Be4+ 36. Kf4 Rf2+ 37. Ke3 Bc2+ 38. Kxf2 Re4 39. Nxc2 Rf4+ 40.
Ke3 Rg4 41. Rxd6 Rg3+ 42. Kf2 Rg4 43. Nd4 Rf4+ 44. Ke3 Rxh4 45. Re1 Rh3+ 46.
Kf4 Rh2 47. Nxc6 Rxb2 48. Ne7+ Kh7 49. g6+ fxg6 50. Nxg6 1-0

[Event "9098 - Open de la Loire "]
[Site "Loire"]
[Date "2007.03.10"]
[Round "6.12"]
[White "Joly, Christian"]
[Black "Swietlicki, Jordan"]
[Result "1-0"]
[WhiteElo "1610"]
[BlackElo "1199"]
[PlyCount "73"]
[EventDate "2007.??.??"]

1. e4 e5 2. Nf3 d6 3. d4 exd4 4. Nxd4 Bd7 5. Bc4 Nf6 6. O-O Be7 7. Nc3 O-O 8.
Be3 Nc6 9. Nde2 Ne5 10. Bb3 h6 11. Nf4 c6 12. f3 b5 13. a3 c5 14. Ncd5 c4 15.
Nxe7+ Qxe7 16. Ba2 Bc6 17. b3 Rad8 18. bxc4 bxc4 19. Bd2 d5 20. Bb4 Qe8 21.
Bxf8 Qxf8 22. Qd4 Qe7 23. Rad1 Re8 24. exd5 Rd8 25. Rfe1 Qxa3 26. Rxe5 Qxa2 27.
Qc3 Qa6 28. Ra1 Qb7 29. Kh1 Nxd5 30. Nxd5 Bxd5 31. h3 Kh7 32. Rd1 Qb6 33. Qe3
Qc6 34. Rexd5 Rxd5 35. Qe4+ f5 36. Qxd5 Qxd5 37. Rxd5 1-0

[Event "9098 - Open de la Loire "]
[Site "Loire"]
[Date "2007.03.10"]
[Round "6.13"]
[White "Martin, Julien"]
[Black "Rogues, Jean-Luc"]
[Result "1-0"]
[WhiteElo "1400"]
[BlackElo "1410"]
[PlyCount "71"]
[EventDate "2007.??.??"]

1. e4 e5 2. Nf3 Nc6 3. Bb5 d6 4. Bxc6+ bxc6 5. Nc3 Nf6 6. d4 Bg4 7. dxe5 Bxf3
8. Qxf3 dxe5 9. O-O Be7 10. Bg5 O-O 11. Bxf6 Bxf6 12. Na4 Qd4 13. Nc3 Rfd8 14.
Rfd1 Qb4 15. Rxd8+ Rxd8 16. b3 Bg5 17. a3 Qc5 18. g3 Bd2 19. Rd1 Rd6 20. Qg4
Rd8 21. Na4 Qxc2 22. b4 f6 23. Nc5 Re8 24. Ne6 Re7 25. Qe2 Rd7 26. Qg4 Qc4 27.
Nc5 Rd4 28. Ne6 Rd7 29. Nc5 Rd4 30. Kg2 Bc3 31. Rxd4 Bxd4 32. Nd3 Bb6 33. Qd7
Qxe4+ 34. f3 Qe2+ 35. Kh3 Qxf3 36. Qe8# 1-0

[Event "9098 - Open de la Loire "]
[Site "Loire"]
[Date "2007.03.10"]
[Round "6.14"]
[White "Gerey, Jean-Pierre"]
[Black "Ben Habchi, Nordine"]
[Result "0-1"]
[WhiteElo "1330"]
[BlackElo "1350"]
[PlyCount "56"]
[EventDate "2007.??.??"]

1. e4 c5 2. Nf3 d6 3. d4 cxd4 4. Nxd4 Nf6 5. Nc3 a6 6. Bd3 e6 7. Be3 Be7 8. Nf3
O-O 9. O-O Nbd7 10. a3 b6 11. b4 Bb7 12. h3 Qc7 13. Qd2 Rfd8 14. Ne2 Ne5 15.
Nxe5 dxe5 16. Qc3 Qxc3 17. Nxc3 Rac8 18. Bd2 h6 19. f3 Nh5 20. Be1 Nf4 21. Rd1
Rd4 22. Rf2 Bh4 23. Ne2 Bxf2+ 24. Bxf2 Nxe2+ 25. Bxe2 Rxd1+ 26. Bxd1 Rc3 27.
Bxb6 Rxa3 28. Bc5 Ra1 0-1

[Event "9098 - Open de la Loire "]
[Site "Loire"]
[Date "2007.03.10"]
[Round "6.15"]
[White "Megnot, Philippe"]
[Black "Mialon, Franck"]
[Result "1-0"]
[WhiteElo "1440"]
[BlackElo "1320"]
[PlyCount "39"]
[EventDate "2007.??.??"]

1. d4 d5 2. Nf3 c6 3. g3 e6 4. Bg2 f5 5. Bf4 Nf6 6. Nbd2 Bd6 7. Ne5 Nbd7 8.
Ndf3 O-O 9. O-O Ne4 10. Nxd7 Bxd7 11. Ne5 Bxe5 12. Bxe5 g5 13. f3 Nf6 14. Qd2
h6 15. c3 Be8 16. Bh3 Bh5 17. g4 fxg4 18. fxg4 Nxg4 19. Rxf8+ Qxf8 20. Qe1 1-0

[Event "9098 - Open de la Loire "]
[Site "Loire"]
[Date "2007.03.10"]
[Round "6.16"]
[White "Schlick, Paul"]
[Black "Masson, Guillaume"]
[Result "0-1"]
[WhiteElo "1299"]
[BlackElo "1220"]
[PlyCount "90"]
[EventDate "2007.??.??"]

1. e4 c6 2. d4 d5 3. e5 Bf5 4. Nf3 e6 5. Bd3 Bxd3 6. Qxd3 Nd7 7. Be3 Qb6 8. b3
c5 9. c3 cxd4 10. cxd4 Bb4+ 11. Nc3 Rc8 12. Bd2 Ne7 13. O-O Nf5 14. Na4 Qa5 15.
a3 Bxd2 16. Nxd2 b5 17. Nb2 Rc3 18. Qe2 Rc2 19. b4 Nxd4 20. Qd3 Qb6 21. Ra2
Nxe5 22. Qe3 Rxd2 23. Qxd2 Ndf3+ 24. gxf3 Nxf3+ 25. Kh1 Nxd2 26. Rc1 O-O 27.
Nd3 Nf3 28. Nc5 Rc8 29. Rac2 Qb8 30. Kg2 Nh4+ 31. Kh3 Ng6 32. Na6 Rxc2 33. Rxc2
Qd6 34. Rc8+ Nf8 35. Nc5 d4 36. Ne4 Qd5 37. f3 e5 38. Rc5 Qe6+ 39. Kg3 f5 40.
Ng5 Qg6 41. h4 Ne6 42. Rc8+ Nf8 43. Rb8 h6 44. Rxb5 hxg5 45. Rxe5 Qd6 0-1

[Event "9098 - Open de la Loire "]
[Site "Loire"]
[Date "2007.03.10"]
[Round "6.17"]
[White "Veyrat, Gerard"]
[Black "Chambosse, Alexis"]
[Result "0-1"]
[WhiteElo "1200"]
[BlackElo "1320"]
[PlyCount "108"]
[EventDate "2007.??.??"]

1. d4 d5 2. c4 c6 3. e3 b5 4. cxb5 cxb5 5. Bxb5+ Bd7 6. Nc3 e6 7. Qa4 Nf6 8.
Nf3 a6 9. Bxd7+ Nbxd7 10. Ne5 Bd6 11. Nc6 Qb6 12. Na5 Bb4 13. Nb3 O-O 14. Bd2
Ne4 15. Nxe4 a5 16. a3 Bxd2+ 17. Nbxd2 dxe4 18. Nc4 Qc7 19. O-O Nb6 20. Nxb6
Qxb6 21. Qc2 Rfc8 22. Qxe4 Qxb2 23. Rfb1 Qe2 24. Rc1 g6 25. Re1 Qd2 26. Rad1
Qb2 27. Qd3 Rc2 28. Rb1 Qa2 29. Ra1 Qb2 30. Reb1 Qc3 31. Qe4 Rc8 32. Rf1 Qb2
33. Qf3 Qxa1 34. g3 Rc1 35. Qe2 Qxa3 36. h4 Qc3 37. g4 a4 38. h5 a3 39. hxg6
Qc2 40. gxf7+ Kxf7 41. Qf3+ Ke7 42. g5 a2 43. Qf6+ Kd6 44. Qf4+ Kd7 45. Qf7+
Kd8 46. Qf6+ Kc7 47. Qe7+ Kb8 48. Qd6+ Qc7 49. Qb4+ Ka8 50. Qa4+ Qa7 51. Qb5
Rxf1+ 52. Kxf1 a1=Q+ 53. Kg2 Qb7+ 54. Qxb7+ Kxb7 0-1

[Event "9098 - Open de la Loire "]
[Site "Loire"]
[Date "2007.04.21"]
[Round "7.1"]
[White "Granger, Thierry"]
[Black "Muller, Anthony"]
[Result "0-1"]
[WhiteElo "1600"]
[BlackElo "1199"]
[PlyCount "122"]
[EventDate "2007.??.??"]

1. d4 Nf6 2. c4 c5 3. Nf3 e6 4. e3 d5 5. Nc3 cxd4 6. Nxd4 Bb4 7. Qc2 Ne4 8.
Qa4+ Nc6 9. Nxc6 Bxc3+ 10. bxc3 bxc6 11. Qc2 Qf6 12. Bb2 Rb8 13. Bd3 Qxf2+ 14.
Qxf2 Nxf2 15. Kxf2 Rxb2+ 16. Be2 dxc4 17. Rab1 Rc2 18. Rbc1 Rxc1 19. Rxc1 Ba6
20. Rb1 O-O 21. Rb4 Rd8 22. Ra4 Bb5 23. Rxa7 g6 24. a4 Rb8 25. axb5 cxb5 26.
Ra1 Kf8 27. Rb1 Ke7 28. Bxc4 Rc8 29. Be2 Rxc3 30. Rxb5 h5 31. Rb7+ Kf6 32. Bb5
Rc8 33. Kf3 g5 34. h3 Kg6 35. Bd3+ f5 36. Rb6 Kf6 37. Bb5 Ke7 38. Rb7+ Kd6 39.
Rd7+ Ke5 40. Rd3 Rb8 41. Rb3 Kd6 42. Bc4 Re8 43. Rb6+ Ke5 44. Rb7 Rc8 45. Rb5+
Kf6 46. Bb3 Rd8 47. Rb6 Re8 48. Rb7 h4 49. Ba4 Rd8 50. Rd7 Ra8 51. Bb3 Ra3 52.
Rd3 Ke7 53. Bc4 Ra4 54. Bb5 Rb4 55. Rd7+ Kf6 56. Be2 Rb2 57. Rd4 Ke7 58. Ra4
Kd6 59. Ra6+ Ke5 60. Bc4 g4+ 61. hxg4 fxg4+ 0-1

[Event "9098 - Open de la Loire "]
[Site "Loire"]
[Date "2007.04.21"]
[Round "7.2"]
[White "Furnon, Yannick"]
[Black "Minchilli, Franco"]
[Result "0-1"]
[WhiteElo "1540"]
[BlackElo "1770"]
[PlyCount "112"]
[EventDate "2007.??.??"]

1. d4 d5 2. Nf3 Nf6 3. Bg5 e6 4. e3 c5 5. c3 Nc6 6. Nbd2 Bd7 7. Bd3 Be7 8. O-O
O-O 9. Re1 Re8 10. Bb1 Bc8 11. Qc2 g6 12. h3 b6 13. e4 Nh5 14. Bxe7 Nxe7 15. e5
Bb7 16. Nh2 Rc8 17. Qd1 Kh8 18. Ndf3 Ng8 19. Qd2 Rc7 20. Ng4 f5 21. exf6 Nhxf6
22. Nge5 Ne4 23. Qf4 Rf8 24. Qg4 Qf6 25. Re2 Nh6 26. Qh4 Qxh4 27. Nxh4 cxd4 28.
Bxe4 dxe4 29. cxd4 g5 30. Nhg6+ hxg6 31. Nxg6+ Kg7 32. Nxf8 Kxf8 33. Re3 Nf5
34. Rc3 Rd7 35. Rac1 Nxd4 36. Rc7 Ne2+ 37. Kf1 Nxc1 38. Rxd7 Bd5 39. Rxa7 Bxa2
40. b4 b5 41. Ke1 Bc4 42. Kd2 Nd3 43. Ke3 Nxb4 44. Kxe4 Bd5+ 45. Ke3 Bxg2 46.
Rh7 Nd5+ 47. Kd2 Nf4 48. h4 Kg8 49. Rh6 gxh4 50. Rxh4 e5 51. Rh6 Kf7 52. Rb6
Bf1 53. f3 Ne6 54. Ke3 Kf6 55. f4 exf4+ 56. Kf2 Bc4 0-1

[Event "9098 - Open de la Loire "]
[Site "Loire"]
[Date "2007.04.21"]
[Round "7.3"]
[White "Doucet, Medhi"]
[Black "Gidon, Rene"]
[Result "1-0"]
[WhiteElo "1630"]
[BlackElo "1600"]
[PlyCount "57"]
[EventDate "2007.??.??"]

1. c4 e5 2. Nc3 Nc6 3. e4 Bc5 4. Nf3 f6 5. d3 Nge7 6. a3 Nd4 7. b4 Nxf3+ 8.
Qxf3 Bd4 9. Bb2 Ng6 10. Na4 Bxb2 11. Nxb2 O-O 12. g3 d6 13. Bg2 c5 14. O-O Be6
15. Na4 b6 16. Nc3 Ne7 17. b5 a6 18. a4 a5 19. Qe3 Rb8 20. f4 exf4 21. Rxf4 Qd7
22. Raf1 Rf7 23. R4f2 Rbf8 24. Nd5 Nxd5 25. exd5 Bh3 26. Re1 Bxg2 27. Kxg2 Rd8
28. Qe6 Kf8 29. Rfe2 1-0

[Event "9098 - Open de la Loire "]
[Site "Loire"]
[Date "2007.04.21"]
[Round "7.4"]
[White "Gregoire, Patrick"]
[Black "Movsisian, Arthur"]
[Result "1-0"]
[WhiteElo "1580"]
[BlackElo "1499"]
[PlyCount "98"]
[EventDate "2007.??.??"]

1. e4 d6 2. Nf3 Nd7 3. d4 Ngf6 4. e5 dxe5 5. dxe5 Ng4 6. e6 fxe6 7. Ng5 Nde5 8.
Qxd8+ Kxd8 9. Be2 h5 10. Bf4 Ke8 11. h3 Nxf2 12. Kxf2 Nc6 13. Bxc7 Bd7 14. Bd3
Rh6 15. Bf4 Rf6 16. g3 e5 17. Nh7 exf4 18. Nxf6+ exf6 19. gxf4 Bc5+ 20. Kg3 Nd4
21. Nc3 Bc6 22. Rhe1+ Kf7 23. Bc4+ Kg6 24. Bd3+ f5 25. Rf1 Rh8 26. h4 Re8 27.
Rae1 Rd8 28. a4 a6 29. Ne2 Bxa4 30. Nxd4 Bxd4 31. Re6+ Kf7 32. Rfe1 g6 33. Bc4
Kf8 34. Rxg6 Bg7 35. b3 Bc6 36. Bd3 Bd7 37. Rd6 Kf7 38. Bxf5 Bxf5 39. Rxd8 Bxc2
40. Rd7+ Kg6 41. Rxb7 a5 42. Re6+ Kf5 43. Ra6 Bc3 44. Rb5+ Ke4 45. Re6+ Kd3 46.
f5 Kd4 47. f6 Bg6 48. Re7 Bb4 49. f7 Bxf7 1-0

[Event "9098 - Open de la Loire "]
[Site "Loire"]
[Date "2007.04.21"]
[Round "7.5"]
[White "Kotur, Sava"]
[Black "Moleins, Jean-Pierre"]
[Result "1-0"]
[WhiteElo "1550"]
[BlackElo "1750"]
[PlyCount "42"]
[EventDate "2007.??.??"]

1. d4 d5 2. Nf3 Nf6 3. e3 e6 4. Be2 c5 5. O-O g5 6. Nxg5 Nc6 7. a3 cxd4 8. exd4
h6 9. Nf3 Qc7 10. Bb5 Bd7 11. g3 O-O-O 12. Bxc6 Bxc6 13. Ne5 Bb5 14. Re1 Ne4
15. a4 Ba6 16. c3 f6 17. Ng6 Rg8 18. Nxf8 Rgxf8 19. b4 Nxc3 20. Nxc3 Qxc3 21.
Ba3 Bc4 1-0

[Event "9098 - Open de la Loire "]
[Site "Loire"]
[Date "2007.04.21"]
[Round "7.6"]
[White "Goudet, Maxence"]
[Black "Moleins, Adrien"]
[Result "0-1"]
[WhiteElo "1470"]
[BlackElo "1720"]
[PlyCount "33"]
[EventDate "2007.??.??"]

1. e4 a6 2. d4 e6 3. Nf3 c5 4. Be3 Nc6 5. Be2 Qb6 6. b3 Nf6 7. Nc3 Nxd4 8. Bxd4
cxd4 9. Qxd4 Qxd4 10. Nxd4 Bb4 11. O-O-O Bxc3 12. f3 g6 13. g4 e5 14. Nf5 gxf5
15. gxf5 Bb4 16. Bc4 Be7 17. Rhg1 {fou a4 ou d4 sont impossible} 0-1

[Event "9098 - Open de la Loire "]
[Site "Loire"]
[Date "2007.04.21"]
[Round "7.7"]
[White "Perez, Christian"]
[Black "Brachet, Gerard"]
[Result "1-0"]
[WhiteElo "1480"]
[BlackElo "1380"]
[PlyCount "65"]
[EventDate "2007.??.??"]

1. e4 e5 2. Nf3 Nc6 3. Bb5 Nf6 4. Nc3 Bc5 5. Nxe5 Nxe5 6. d4 Bxd4 7. Qxd4 Nc6
8. Bxc6 dxc6 9. Qxd8+ Kxd8 10. Bg5 h6 11. O-O-O+ Bd7 12. Bxf6+ gxf6 13. Rd2 Kc8
14. Rhd1 Rd8 15. Ne2 b6 16. Nf4 Kb7 17. Rxd7 Rxd7 18. Rxd7 Re8 19. f3 Re5 20.
Rxf7 f5 21. Rxf5 Rxf5 22. exf5 Kc8 23. Kd2 Kd7 24. Ke3 Ke7 25. Nh5 Kf7 26. Ke4
c5 27. g4 b5 28. f4 a5 29. Kd5 c4 30. Kc5 c6 31. Kxc6 b4 32. Kb5 c3 33. b3 1-0

[Event "9098 - Open de la Loire "]
[Site "Loire"]
[Date "2007.04.21"]
[Round "7.8"]
[White "Joly, Christian"]
[Black "Martin, Julien"]
[Result "1-0"]
[WhiteElo "1610"]
[BlackElo "1400"]
[PlyCount "113"]
[EventDate "2007.??.??"]

1. e4 e5 2. Nf3 Nf6 3. d4 exd4 4. e5 Nd5 5. Nxd4 d6 6. Bc4 Be6 7. Nxe6 fxe6 8.
O-O Nc6 9. exd6 Qxd6 10. Bg5 Ne5 11. Bxd5 Qxd5 12. Qxd5 exd5 13. Re1 Bd6 14. f4
h6 15. fxe5 Bc5+ 16. Be3 d4 17. Bf2 O-O 18. Nd2 Bb4 19. Rad1 c5 20. a3 Ba5 21.
Re2 Bc7 22. Nc4 b5 23. Nd6 a6 24. Ne4 Bxe5 25. Nxc5 Rf5 26. Nd3 Bc7 27. Bxd4
Rh5 28. h3 Rd8 29. Bf2 Bf4 30. Rde1 Bd6 31. Re8+ Rxe8 32. Rxe8+ Kh7 33. Re6 Bc7
34. Rxa6 Rd5 35. Re6 Kg8 36. Re7 Bd8 37. Re5 Rd7 38. Rxb5 Bf6 39. a4 Rc7 40.
Rc5 Rb7 41. b4 Be7 42. Rb5 Rc7 43. Bc5 Bf6 44. a5 Kh7 45. a6 Rf7 46. a7 Rxa7
47. Bxa7 Bd4+ 48. Bxd4 h5 49. Rxh5+ Kg6 50. Ra5 Kh6 51. b5 g5 52. b6 Kh5 53.
Bf2 Kg6 54. b7 Kh5 55. b8=R Kg6 56. Rb7 Kh5 57. Nf4+ 1-0

[Event "9098 - Open de la Loire "]
[Site "Loire"]
[Date "2007.04.21"]
[Round "7.9"]
[White "Volay, Pascal"]
[Black "Carrot, Axel"]
[Result "0-1"]
[WhiteElo "1390"]
[BlackElo "1530"]
[PlyCount "120"]
[EventDate "2007.??.??"]

1. e4 e5 2. Nf3 Nc6 3. Bb5 Nge7 4. Nc3 a6 5. Bxc6 Nxc6 6. a3 Bc5 7. O-O d6 8.
d3 Be6 9. Re1 O-O 10. Be3 Bxe3 11. Rxe3 Nd4 12. Nb1 Nxf3+ 13. Qxf3 f5 14. exf5
Rxf5 15. Qe2 Qe7 16. Nd2 Raf8 17. Rf3 Rxf3 18. gxf3 Bh3 19. Kh1 Rf6 20. Rg1 Qf7
21. Rg3 Qh5 22. Qe1 Rg6 23. Qg1 Rxg3 24. Qxg3 Qh6 25. Kg1 Qxd2 26. Qxh3 Qg5+
27. Qg4 Qxg4+ 28. fxg4 Kf7 29. Kg2 Kf6 30. h4 h6 31. Kg3 g5 32. f3 Ke6 33. hxg5
hxg5 34. Kf2 Kd5 35. Ke3 Ke6 36. c4 c6 37. d4 d5 38. b3 b6 39. a4 dxc4 40. bxc4
b5 41. axb5 axb5 42. d5+ cxd5 43. cxb5 Kd6 44. f4 exf4+ 45. Kd4 f3 46. Ke3 f2
47. Kxf2 Kc5 48. Ke3 Kxb5 49. Kd4 Kc6 50. Kc3 Kc5 51. Kd3 d4 52. Kc2 Kc4 53.
Kd2 d3 54. Kd1 Kd4 55. Kd2 Ke4 56. Kd1 Kf3 57. Kd2 Kxg4 58. Kxd3 Kf3 59. Kd2
Kf2 60. Kd3 g4 0-1

[Event "9098 - Open de la Loire "]
[Site "Loire"]
[Date "2007.04.21"]
[Round "7.10"]
[White "Trottet, Francois"]
[Black "Paratcha, Yohan"]
[Result "1-0"]
[WhiteElo "1510"]
[BlackElo "1320"]
[PlyCount "53"]
[EventDate "2007.??.??"]

1. e4 c6 2. d4 d5 3. Nc3 Nf6 4. e5 Ne4 5. f3 Nxc3 6. bxc3 Bf5 7. Be3 e6 8. Ne2
Nd7 9. Ng3 Bg6 10. Bd3 Bxd3 11. Qxd3 c5 12. O-O c4 13. Qd2 Qa5 14. f4 Ba3 15.
f5 Bb2 16. fxe6 fxe6 17. Nh5 Rg8 18. Rab1 Qxa2 19. Bg5 h6 20. Qf4 Nf6 21. Nxf6+
gxf6 22. Qxf6 Kd7 23. Qf7+ Kc8 24. Qxe6+ Kc7 25. Rf7+ Kb8 26. Qd6+ Kc8 27. Qc7#
1-0

[Event "9098 - Open de la Loire "]
[Site "Loire"]
[Date "2007.04.21"]
[Round "7.11"]
[White "Masson, Guillaume"]
[Black "Gregoire, Michele"]
[Result "1/2-1/2"]
[WhiteElo "1220"]
[BlackElo "1500"]
[PlyCount "80"]
[EventDate "2007.??.??"]

1. e4 c5 2. Nf3 d6 3. d4 cxd4 4. Nxd4 a6 5. Nc3 e6 6. Bd3 b5 7. Bd2 Bb7 8. O-O
Nc6 9. Nxc6 Bxc6 10. Bf4 Be7 11. Qd2 Nf6 12. Rfe1 O-O 13. Rad1 e5 14. Bg5 Nd7
15. Bxe7 Qxe7 16. Nd5 Bxd5 17. exd5 Nf6 18. b3 Nxd5 19. Be4 Rac8 20. Bxd5 Rfd8
21. Be4 g6 22. Qa5 f5 23. Bd5+ Kg7 24. Re2 Qa7 25. Be6 Rb8 26. Red2 Qb6 27. Qa3
b4 28. Qa4 Kf6 29. Bc4 a5 30. Rd5 Ra8 31. Rb5 Qc7 32. Rdd5 Rdb8 33. Rxb8 Qxb8
34. Rxa5 Rxa5 35. Qxa5 f4 36. a3 bxa3 37. Qxa3 Qb6 38. b4 Qd4 39. Qd3 Qa1+ 40.
Qf1 Qd4 $11 1/2-1/2

[Event "9098 - Open de la Loire "]
[Site "Loire"]
[Date "2007.04.21"]
[Round "7.12"]
[White "Ben Habchi, Nordine"]
[Black "Megnot, Philippe"]
[Result "0-1"]
[WhiteElo "1350"]
[BlackElo "1440"]
[PlyCount "166"]
[EventDate "2007.??.??"]

1. e4 c5 2. Nf3 Nc6 3. c3 e5 4. Bc4 d6 5. Qb3 Qe7 6. d3 h6 7. Nbd2 Na5 8. Qa4+
Nc6 9. Bd5 Bd7 10. Nc4 Nd4 11. Qd1 Nxf3+ 12. Qxf3 Rb8 13. b3 Nf6 14. Be3 Qd8
15. O-O Be7 16. Qg3 g6 17. h3 b5 18. Nd2 Nh5 19. Qf3 Nf6 20. Qe2 Nxd5 21. exd5
f5 22. f4 b4 23. c4 Bf6 24. d4 cxd4 25. Bxd4 e4 26. Qe3 O-O 27. Rfe1 a5 28. Nf1
Rc8 29. Rad1 a4 30. Qd2 Qa5 31. Qb2 Bxd4+ 32. Qxd4 a3 33. Re3 Qc5 34. Qa1 Rce8
35. Rde1 Re7 36. Kh2 g5 37. Rg3 Rg7 38. Ne3 Rff7 39. Nxf5 Bxf5 40. fxg5 Rxg5
41. Rge3 Rfg7 42. g4 Bh7 43. Qf6 Qc7 44. Rf1 Rf7 45. Qe6 Qe7 46. Qc8+ Kg7 47.
Rxf7+ Qxf7 48. Qe6 Qxe6 49. dxe6 Re5 50. Kg3 Rxe6 51. h4 Kf6 52. Kf4 Re5 53.
Re1 Ke6 54. Ke3 Rc5 55. Rf1 Re5 56. Rf8 d5 57. cxd5+ Kxd5 58. Rh8 Re7 59. Rd8+
Kc6 60. Rd4 Kc5 61. Rc4+ Kb5 62. Rc8 Rd7 63. Rb8+ Kc5 64. Rc8+ Kb6 65. Rc4 Kb5
66. Rd4 Rc7 67. Rd5+ Kb6 68. Rd6+ Rc6 69. Rxc6+ Kxc6 70. g5 hxg5 71. hxg5 Kd5
72. Kd2 Kd4 73. Ke2 Kc3 74. Ke3 Kb2 75. Kd2 Kxa2 76. g6 Bxg6 77. Kc2 e3+ 78.
Kd1 Kb1 79. Ke2 a2 80. Kxe3 a1=Q 81. Kf4 Qd4+ 82. Kg5 Bd3 83. Kh6 Qf6+ 0-1